[Event "POL-chT 2 Liga 2019"]
[Site "Poronin"]
[Date "2019.09.08"]
[Round "2.35"]
[White "Szolc, Grzegorz"]
[Black "Baryczka, Kamil"]
[Result "1-0"]
[WhiteElo "2038"]
[BlackElo "2034"]
[Annotator "NA"]
[PlyCount "123"]
[EventDate "2019.09.07"]
[EventType "team-tourn"]
[EventCountry "POL"]
[SourceTitle "playchess.com"]
[Source "ChessBase"]
[SourceQuality "1"]
[TimeControl "40/5400+30:1800+30"]

1. d4 {[%emt 0:00:00]} f5 {[%emt 0:00:25]} 2. e4 {[%emt 0:02:07]} fxe4 {[%emt 0:02:21]} 3. Nc3 {[%emt 0:00:10]} Nf6 {[%emt 0:01:48]} 4. Bg5 {[%emt 0:00:32]} g6 {[%emt 0:00:29]} 5. Bxf6 {[%emt 0:05:07]} exf6 {[%emt 0:00:06]} 6. Nxe4 {[%emt 0:00:30]} Bg7 {[%emt 0:00:55]} 7. Qd3 {[%emt 0:03:54]} d5 {[%emt 0:10:01]} 8. Ng3 {[%emt 0:04:04]} Qe7+ {[%emt 0:00:57]} 9. Qe2 {[%emt 0:15:31]} Qxe2+ {[%emt 0:01:27]} 10. Bxe2 {[%emt 0:00:20]} Nc6 {[%emt 0:00:22]} 11. O-O-O {[%emt 0:03:52]} Bd7 {[%emt 0:00:46]} 12. Bf3 {[%emt 0:02:56]} Be6 {[%emt 0:01:40]} 13. h4 {[%emt 0:02:34]} O-O-O {[%emt 0:02:17]} 14. N1e2 {[%emt 0:06:15]} Rhe8 {[%emt 0:04:26]} 15. Kb1 {[%emt 0:00:49]} h5 {[%emt 0:12:12]} 16. Nf4 {[%emt 0:02:44]} Bf7 {[%emt 0:00:12]} 17. c3 {[%emt 0:00:10]} a5 {[%emt 0:08:41]} 18. Rhe1 {[%emt 0:05:03]} Ne7 {[%emt 0:06:40]} 19. Ne6 {[%emt 0:03:31]} Bxe6 {[%emt 0:00:02]} 20. Rxe6 {[%emt 0:00:23]} Kd7 {[%emt 0:01:09]} 21. Rde1 {[%emt 0:01:06]} c6 {[%emt 0:00:13]} 22. Nxh5 {[%emt 0:05:47]} Nf5 {[%emt 0:04:50]} 23. Rxe8 {[%emt 0:02:57]} Rxe8 {[%emt 0:00:02]} 24. Rxe8 {[%emt 0:00:20]} Kxe8 {[%emt 0:00:02]} 25. Nxg7+ {[%emt 0:00:12]} Nxg7 {[%emt 0:00:02]} 26. g4 {[%emt 0:03:51]} Ke7 {[%emt 0:00:55]} 27. Kc2 {[%emt 0:04:21]} Ke6 {[%emt 0:05:06]} 28. a4 {[%emt 0:03:06]} f5 {[%emt 0:02:03]} 29. h5 {[%emt 0:11:24]} gxh5 {[%emt 0:01:29]} 30. gxh5 {[%emt 0:00:06]} Kf6 {[%emt 0:00:03]} 31. b4 {[%emt 0:01:51]} b6 {[%emt 0:00:42]} 32. bxa5 {[%emt 0:01:56]} bxa5 {[%emt 0:00:02]} 33. c4 {[%emt 0:00:21]} Ne6 {[%emt 0:02:51]} 34. Kd3 {[%emt 0:04:24]} Nc7 {[%emt 0:03:03]} 35. Ke3 {[%emt 0:04:21]} Kg5 {[%emt 0:00:31]} 36. Kd3 {[%emt 0:00:44]} Kf6 {[%emt 0:00:07]} 37. Be2 {[%emt 0:00:38]} Ne6 {[%emt 0:01:18]} 38. Ke3 {[%emt 0:00:27]} Kg5 {[%emt 0:00:20]} 39. Bf3 {[%emt 0:00:32]} Nc7 {[%emt 0:00:06]} 40. Be2 {[%emt 0:00:00]} Ne6 {[%emt 0:00:00]} 41. c5 {[%emt 0:10:31]} f4+ {[%emt 0:03:50]} 42. Kd3 {[%emt 0:00:34]} Nd8 {[%emt 0:05:48]} 43. Bf3 {[%emt 0:01:53]} Kh6 {[%emt 0:00:22]} 44. Bg4 {[%emt 0:04:43]} Kg5 {[%emt 0:00:19]} 45. f3 {[%emt 0:06:17]} Kf6 {[%emt 0:03:13]} 46. Bd7 {[%emt 0:01:46]} Ke7 {[%emt 0:04:28]} 47. Bf5 {[%emt 0:00:25]} Kf6 {[%emt 0:00:43]} 48. Bg6 {[%emt 0:00:57]} Kg5 {[%emt 0:03:32]} 49. Be8 {[%emt 0:00:40]} Kh6 {[%emt 0:00:02]} 50. Kd2 {[%emt 0:00:25]} Kg7 {[%emt 0:00:48]} 51. Ke1 {[%emt 0:02:45]} Kf8 {[%emt 0:00:06]} 52. Bd7 {[%emt 0:00:09]} Ke7 {[%emt 0:00:02]} 53. Bg4 {[%emt 0:02:28]} Kf6 {[%emt 0:02:37]} 54. Kf2 {[%emt 0:00:43]} Kg5 {[%emt 0:00:42]} 55. Kg2 {[%emt 0:00:16]} Nf7 {[%emt 0:00:56]} 56. Kh3 {[%emt 0:01:10]} Nd8 {[%emt 0:00:09]} 57. Kh2 {[%emt 0:00:37]} Kh6 {[%emt 0:01:50]} 58. Kg2 {[%emt 0:00:06]} Kg5 {[%emt 0:00:01]} 59. Kh3 {[%emt 0:00:06]} Nf7 {[%emt 0:06:05]} 60. Bd7 {[%emt 0:00:16]} Nd8 {[%emt 0:00:01]} 61. Be8 {[%emt 0:00:43]} Kf6 {[%emt 0:00:09]} 62. h6 {[%emt 0:01:47]} 1-0

[Event "POL-chT 2 Liga 2019"]
[Site "Poronin"]
[Date "2019.09.08"]
[Round "2.36"]
[White "Budkiewicz, Magdalena"]
[Black "Szydlowska-Duda, Marta"]
[Result "0-1"]
[WhiteElo "1714"]
[BlackElo "1986"]
[Annotator "NA"]
[PlyCount "44"]
[EventDate "2019.09.07"]
[EventType "team-tourn"]
[EventCountry "POL"]
[SourceTitle "playchess.com"]
[Source "ChessBase"]
[SourceQuality "1"]
[TimeControl "40/5400+30:1800+30"]

1. e4 {[%emt 0:00:00]} d5 {[%emt 0:00:00]} 2. exd5 {[%emt 0:00:00]} Qxd5 {[%emt 0:00:00]} 3. Nc3 {[%emt 0:00:06]} Qd6 {[%emt 0:00:15]} 4. d4 {[%emt 0:01:26]} Nf6 {[%emt 0:00:24]} 5. Nb5 {[%emt 0:02:01]} Qb6 {[%emt 0:06:45]} 6. c4 {[%emt 0:00:56]} c6 {[%emt 0:08:39]} 7. Nc3 {[%emt 0:00:25]} Bf5 {[%emt 0:03:51]} 8. Nf3 {[%emt 0:04:02]} e6 {[%emt 0:06:57]} 9. Ne5 {[%emt 0:06:45]} Bb4 {[%emt 0:12:14]} 10. g4 {[%emt 0:19:36]} Bg6 {[%emt 0:02:04]} 11. Bg2 {[%emt 0:05:37]} Nbd7 {[%emt 0:08:39]} 12. h4 {[%emt 0:03:36]} Nxe5 {[%emt 0:08:48]} 13. dxe5 {[%emt 0:02:30]} Ne4 {[%emt 0:00:46]} 14. Bxe4 {[%emt 0:15:34]} Bxe4 {[%emt 0:00:10]} 15. O-O {[%emt 0:00:34]} Rd8 {[%emt 0:10:31]} 16. Qb3 {[%emt 0:01:52]} Rd3 {[%emt 0:09:23]} 17. Be3 {[%emt 0:14:06]} Rxe3 {[%emt 0:10:24]} 18. c5 {[%emt 0:08:32]} Qxc5 {[%emt 0:05:29]} 19. fxe3 {[%emt 0:03:15]} Qxe3+ {[%emt 0:00:06]} 20. Rf2 {[%emt 0:00:09]} Qg3+ {[%emt 0:00:27]} 21. Kf1 {[%emt 0:00:17]} Bd3+ {[%emt 0:00:48]} 22. Ne2 {[%emt 0:00:43]} Bc5 {[%emt 0:01:34] Kg1} 0-1

[Event "POL-chT 2 Liga 2019"]
[Site "Poronin"]
[Date "2019.09.08"]
[Round "2.37"]
[White "Snihur, Piotr"]
[Black "Chojnacki, Krzysztof"]
[Result "1/2-1/2"]
[WhiteElo "2232"]
[BlackElo "2362"]
[Annotator "TA"]
[PlyCount "144"]
[EventDate "2019.09.07"]
[EventType "team-tourn"]
[EventCountry "POL"]
[SourceTitle "playchess.com"]
[Source "ChessBase"]
[SourceQuality "1"]

{[%evp 9,144,18,24,18,25,20,18,17,25,5,35,35,40,39,39,40,35,42,48,45,49,42,47,44,50,43,84,50,90,49,98,98,92,94,90,87,93,90,97,63,63,63,76,71,71,71,69,69,99,92,81,92,106,76,108,108,119,38,29,29,28,28,20,16,21,22,23,0,0,-1,2,0,84,83,92,60,58,66,73,25,51,28,74,74,74,74,74,74,74,74,74,74,74,74,74,74,94,74,74,74,74,74,89,69,77,93,94,52,52,52,52,52,52,52,53,52,53,41,41,6,41,41,41,24,24,0,0,0,0,0,0,0,24,0,24,0,0]} 1. d4 d5 2. c4 e6 3. Nc3 a6 4. cxd5 exd5 5. Bf4 (5. Nf3 h6 6. Bf4 Nf6 7. e3 Bd6 8. Bxd6 Qxd6 9. Qc2 O-O 10. Bd3 Re8 11. h3 Be6 12. O-O Nbd7 13. a4 {½-½ (40) Shankland,S (2725)-Carlsen,M (2835) Wijk aan Zee 2019}) 5... Nf6 6. e3 {D31: Queen's Gambit Declined: Semi-Slav without ...Nf6 (+ Marshall Gambit and Noteboom) and Exchange Variation lines without ...Nf6} Bd6 7. Bxd6 Qxd6 8. Bd3 O-O 9. h3 c5 10. dxc5 Qxc5 11. Nf3 Nc6 12. O-O Be6 $146 ({Predecessor:} 12... Rd8) 13. Rc1 Rfd8 14. Ne2 Qb4 15. Qc2 Rac8 16. a3 Qb6 17. Qb1 Ne4 18. Rfd1 Re8 19. Ned4 h6 20. Nxe6 Rxe6 {[#]} 21. Nd4 $1 {[%mdl 512]} Ree8 (21... Nxd4 22. Rxc8+) 22. Bxe4 Rxe4 23. Nf5 Re5 24. Rd4 h5 25. Rd2 Rce8 26. Rcd1 Rd8 27. b4 g6 28. Nd4 Ree8 29. Ne2 Re5 30. Qb2 Kh7 31. Nd4 Ree8 32. Nf3 Ne7 33. Qd4 (33. a4 $16) 33... Qxd4 $14 34. Rxd4 Rc8 35. Ne5 Kg7 36. Nd7 Rc6 37. Nc5 Rc7 38. Nd3 Rc3 39. a4 Ra3 40. a5 b6 (40... Rc8 $11) 41. axb6 $16 {aiming for b7.} Rb8 42. Rc1 Rxb6 43. Rc7 Kf8 44. Nf4 {And now Rxe7! would win.} Rf6 45. g3 Ra1+ 46. Kg2 Ra2 {[#] Strongly threatening ...g5.} 47. Rxe7 $1 Rxf4 48. gxf4 Kxe7 49. Rxd5 {[%mdl 4096] Endgame KR-KR} Ra4 50. b5 axb5 51. Rxb5 Kf6 52. Kf3 Ra2 53. Rb6+ Kg7 54. Kg3 Re2 55. Rb4 Kf6 56. e4 Re1 57. Rb6+ Kg7 58. e5 Re2 59. Rb7 Re1 60. Ra7 Re2 61. f3 Kf8 62. Ra5 Kg7 63. f5 gxf5 64. Kf4 f6 65. exf6+ Kxf6 66. Ra6+ Kg7 $1 67. Kxf5 Rh2 68. Kg5 {Hoping for Ra7+.} Rxh3 69. Ra7+ Kf8 70. f4 Rb3 71. f5 Rb6 72. f6 {Kg6 is the strong threat.} Rb1 {Accuracy: White = 58%, Black = 61%.} 1/2-1/2

[Event "POL-chT 2 Liga 2019"]
[Site "Poronin"]
[Date "2019.09.08"]
[Round "2.38"]
[White "Raczynski, Krzysztof"]
[Black "Szadkowski, Kamil"]
[Result "1/2-1/2"]
[WhiteElo "2244"]
[BlackElo "2245"]
[Annotator "NA"]
[PlyCount "59"]
[EventDate "2019.09.07"]
[EventType "team-tourn"]
[EventCountry "POL"]
[SourceTitle "playchess.com"]
[Source "ChessBase"]
[SourceQuality "1"]
[TimeControl "40/5400+30:1800+30"]

1. e4 {[%emt 0:00:00]} e5 {[%emt 0:00:00]} 2. Nf3 {[%emt 0:00:00]} Nc6 {[%emt 0:00:00]} 3. Bb5 {[%emt 0:00:00]} a6 {[%emt 0:01:17]} 4. Ba4 {[%emt 0:00:00]} Nf6 {[%emt 0:00:45]} 5. Qe2 {[%emt 0:00:24]} Be7 {[%emt 0:02:40]} 6. O-O {[%emt 0:02:33]} b5 {[%emt 0:01:56]} 7. Bb3 {[%emt 0:00:05]} O-O {[%emt 0:00:08]} 8. c3 {[%emt 0:00:41]} d6 {[%emt 0:00:05]} 9. Rd1 {[%emt 0:01:40]} Na5 {[%emt 0:00:46]} 10. Bc2 {[%emt 0:00:09]} c5 {[%emt 0:00:06]} 11. d4 {[%emt 0:00:15]} Qc7 {[%emt 0:00:06]} 12. d5 {[%emt 0:00:13]} Bd7 {[%emt 0:00:14]} 13. b3 {[%emt 0:00:46]} Rfb8 {[%emt 0:03:45]} 14. Nbd2 {[%emt 0:03:23]} Nb7 {[%emt 0:05:18]} 15. Nf1 {[%emt 0:02:50]} a5 {[%emt 0:01:10]} 16. a4 {[%emt 0:04:40]} c4 {[%emt 0:02:03]} 17. bxc4 {[%emt 0:03:45]} bxa4 {[%emt 0:00:30]} 18. Ba3 {[%emt 0:05:03]} Nc5 {[%emt 0:05:18]} 19. Bxc5 {[%emt 0:04:23]} Qxc5 {[%emt 0:01:11]} 20. Bxa4 {[%emt 0:00:25]} Bxa4 {[%emt 0:02:19]} 21. Rxa4 {[%emt 0:00:06]} Nd7 {[%emt 0:01:30]} 22. Ne3 {[%emt 0:03:31]} g6 {[%emt 0:05:53]} 23. Ne1 {[%emt 0:06:32]} Qb6 {[%emt 0:09:41]} 24. Nd3 {[%emt 0:07:21]} Qb3 {[%emt 0:11:51]} 25. Ra2 {[%emt 0:11:27]} Bg5 {[%emt 0:06:37]} 26. Rb2 {[%emt 0:04:14]} Qxc3 {[%emt 0:02:24]} 27. Rc2 {[%emt 0:01:07]} Qb3 {[%emt 0:03:32]} 28. Rb2 {[%emt 0:21:32]} Qc3 {[%emt 0:00:20]} 29. Rc2 {[%emt 0:00:13]} Qb3 {[%emt 0:05:59]} 30. Rb2 {[%emt 0:03:44]} 1/2-1/2

[Event "POL-chT 2 Liga 2019"]
[Site "Poronin"]
[Date "2019.09.08"]
[Round "2.39"]
[White "Szadkowski, Krzysztof"]
[Black "Bardeli, Lukasz"]
[Result "0-1"]
[WhiteElo "2138"]
[BlackElo "2144"]
[Annotator "NA"]
[PlyCount "38"]
[EventDate "2019.09.07"]
[EventType "team-tourn"]
[EventCountry "POL"]
[SourceTitle "playchess.com"]
[Source "ChessBase"]
[SourceQuality "1"]
[TimeControl "40/5400+30:1800+30"]

1. e4 {[%emt 0:00:00]} c6 {[%emt 0:00:00]} 2. d4 {[%emt 0:00:20]} d5 {[%emt 0:00:00]} 3. exd5 {[%emt 0:00:04]} cxd5 {[%emt 0:00:00]} 4. c4 {[%emt 0:00:15]} Nf6 {[%emt 0:00:03]} 5. Nc3 {[%emt 0:00:13]} g6 {[%emt 0:00:50]} 6. Qb3 {[%emt 0:01:58]} Bg7 {[%emt 0:00:21]} 7. cxd5 {[%emt 0:12:01]} O-O {[%emt 0:00:12]} 8. Bf4 {[%emt 0:00:49]} Nbd7 {[%emt 0:10:43]} 9. a4 {[%emt 0:01:08]} Nb6 {[%emt 0:06:10]} 10. d6 {[%emt 0:04:18]} Be6 {[%emt 0:04:55]} 11. Qa3 {[%emt 0:03:04]} Re8 {[%emt 0:07:22]} 12. Bb5 {[%emt 0:14:47]} Nc4 {[%emt 0:04:53]} 13. Qc5 {[%emt 0:39:40]} exd6 {[%emt 0:03:34]} 14. Bxd6 {[%emt 0:01:19]} b6 {[%emt 0:02:30]} 15. Bc7 {[%emt 0:03:52]} bxc5 {[%emt 0:01:26]} 16. Bxd8 {[%emt 0:00:05]} Rexd8 {[%emt 0:01:00]} 17. d5 {[%emt 0:01:44]} Nxd5 {[%emt 0:00:29]} 18. Bxc4 {[%emt 0:02:18]} Nxc3 {[%emt 0:00:08]} 19. Bxe6 {[%emt 0:00:21]} fxe6 {[%emt 0:00:06]} 0-1

[Event "POL-chT 2 Liga 2019"]
[Site "Poronin"]
[Date "2019.09.08"]
[Round "2.40"]
[White "Butyrowski, Marcel"]
[Black "Leskiewicz, Ignacy"]
[Result "1/2-1/2"]
[WhiteElo "1873"]
[BlackElo "2116"]
[Annotator "NA"]
[PlyCount "133"]
[EventDate "2019.09.07"]
[EventType "team-tourn"]
[EventCountry "POL"]
[SourceTitle "playchess.com"]
[Source "ChessBase"]
[SourceQuality "1"]
[TimeControl "40/5400+30:1800+30"]

1. d4 {[%emt 0:00:00]} Nf6 {[%emt 0:00:00]} 2. c4 {[%emt 0:00:00]} g6 {[%emt 0:00:00]} 3. g3 Bg7 {[%emt 0:00:00]} 4. Bg2 {[%emt 0:00:14]} d6 {[%emt 0:00:24]} 5. Nf3 {[%emt 0:00:35]} O-O {[%emt 0:00:20]} 6. O-O {[%emt 0:00:18]} Nc6 {[%emt 0:00:36]} 7. Nc3 {[%emt 0:00:51]} a6 {[%emt 0:00:10]} 8. d5 {[%emt 0:04:02]} Na5 {[%emt 0:01:48]} 9. b3 {[%emt 0:01:47]} Rb8 {[%emt 0:05:16]} 10. Bb2 {[%emt 0:01:02]} b5 {[%emt 0:04:38]} 11. cxb5 {[%emt 0:02:05]} axb5 {[%emt 0:05:20]} 12. Nd4 {[%emt 0:00:51]} b4 {[%emt 0:15:10]} 13. Nb1 {[%emt 0:03:58]} e5 {[%emt 0:20:48]} 14. Nc2 {[%emt 0:05:09]} c5 {[%emt 0:14:18]} 15. dxc6 {[%emt 0:01:48]} Qc7 {[%emt 0:01:23]} 16. e4 {[%emt 0:05:54]} Qxc6 {[%emt 0:04:40]} 17. Nd2 {[%emt 0:02:07]} Bg4 {[%emt 0:00:54]} 18. f3 {[%emt 0:01:11]} Be6 {[%emt 0:01:00]} 19. Kh1 {[%emt 0:01:58]} Qb6 {[%emt 0:05:18]} 20. Re1 {[%emt 0:05:37]} Rbc8 {[%emt 0:01:35]} 21. Nf1 {[%emt 0:02:49]} Rfd8 {[%emt 0:03:27]} 22. Nfe3 {[%emt 0:01:44]} h5 {[%emt 0:04:05]} 23. Qd2 {[%emt 0:00:56]} Rb8 {[%emt 0:05:58]} 24. f4 {[%emt 0:05:57]} exf4 {[%emt 0:01:43]} 25. Nd5 {[%emt 0:03:04]} Bxd5 26. Bd4 {[%emt 0:02:21]} Qb5 {[%emt 0:02:22]} 27. exd5 {[%emt 0:00:54]} fxg3 {[%emt 0:00:10]} 28. Rf1 {[%emt 0:02:25]} Ng4 {[%emt 0:00:51]} 29. Bxg7 {[%emt 0:01:19]} Kxg7 {[%emt 0:00:21]} 30. hxg3 {[%emt 0:01:14]} Qd7 {[%emt 0:01:01]} 31. Nxb4 {[%emt 0:01:16]} h4 {[%emt 0:00:26]} 32. Nc6 {[%emt 0:01:53]} Nxc6 {[%emt 0:00:57]} 33. dxc6 {[%emt 0:00:18]} Qa7 {[%emt 0:00:28]} 34. Qc3+ {[%emt 0:07:48]} f6 {[%emt 0:00:42]} 35. c7 {[%emt 0:01:14]} hxg3 {[%emt 0:00:44]} 36. cxd8=Q {[%emt 0:01:16]} Rxd8 {[%emt 0:00:16]} 37. Qxg3 {[%emt 0:00:27]} Rh8+ 38. Bh3 {[%emt 0:00:25]} Qb7+ {[%emt 0:00:38]} 39. Rf3 {[%emt 0:02:28]} Rxh3+ {[%emt 0:00:19]} 40. Qxh3 {[%emt 0:00:00]} Nf2+ {[%emt 0:00:00]} 41. Kh2 {[%emt 0:01:39]} Nxh3 {[%emt 0:03:07]} 42. Rxh3 {[%emt 0:00:05]} Qe4 {[%emt 0:01:09]} 43. Rg1 {[%emt 0:00:59]} d5 {[%emt 0:04:38]} 44. Rhg3 {[%emt 0:00:54]} g5 {[%emt 0:00:36]} 45. R1g2 {[%emt 0:04:13]} d4 {[%emt 0:06:43]} 46. Rf2 {[%emt 0:00:28]} g4 {[%emt 0:04:13]} 47. a4 {[%emt 0:01:23]} f5 {[%emt 0:02:21]} 48. a5 {[%emt 0:00:30]} Qe6 {[%emt 0:03:38]} 49. a6 {[%emt 0:00:54]} Kg6 {[%emt 0:00:43]} 50. a7 {[%emt 0:00:43]} Qa6 {[%emt 0:00:27]} 51. Rd2 {[%emt 0:00:51]} Qxa7 {[%emt 0:00:16]} 52. Rgd3 {[%emt 0:00:12]} Kg5 {[%emt 0:01:56]} 53. Kg2 {[%emt 0:00:54]} Kh4 {[%emt 0:01:44]} 54. Rxd4 {[%emt 0:01:20]} Qb7+ {[%emt 0:00:09]} 55. Rd5 {[%emt 0:00:32]} Qxb3 {[%emt 0:00:28]} 56. Rxf5 {[%emt 0:05:09]} Qh3+ {[%emt 0:00:47]} 57. Kg1 {[%emt 0:00:09]} Qe3+ {[%emt 0:02:03]} 58. Rdf2 {[%emt 0:00:09]} g3 {[%emt 0:01:12]} 59. R5f4+ {[%emt 0:01:13]} Kh3 {[%emt 0:00:25]} 60. R4f3 {[%emt 0:00:08]} Qd4 {[%emt 0:00:30]} 61. Kh1 {[%emt 0:01:01]} Qd1+ {[%emt 0:03:18]} 62. Rf1 {[%emt 0:00:14]} Qe2 {[%emt 0:00:06]} 63. R1f2 {[%emt 0:00:32]} Qd1+ {[%emt 0:00:49]} 64. Rf1 {[%emt 0:00:08]} Qd5 {[%emt 0:00:17]} 65. Kg1 {[%emt 0:00:32]} Qc5+ {[%emt 0:00:43]} 66. R1f2 {[%emt 0:01:01]} Qd4 {[%emt 0:01:32]} 67. Kh1 {[%emt 0:00:26]} 1/2-1/2

[Event "POL-chT 2 Liga 2019"]
[Site "Poronin"]
[Date "2019.09.08"]
[Round "2.41"]
[White "Kwiatkowski, Wiktor"]
[Black "Wojdak, Jan"]
[Result "1/2-1/2"]
[WhiteElo "2011"]
[BlackElo "1973"]
[Annotator "NA"]
[PlyCount "83"]
[EventDate "2019.09.07"]
[EventType "team-tourn"]
[EventCountry "POL"]
[SourceTitle "playchess.com"]
[Source "ChessBase"]
[SourceQuality "1"]
[TimeControl "40/5400+30:1800+30"]

1. e4 {[%emt 0:00:00]} c5 {[%emt 0:00:00]} 2. Nf3 {[%emt 0:00:00]} Nc6 {[%emt 0:00:01]} 3. d4 {[%emt 0:00:00]} cxd4 {[%emt 0:00:08]} 4. Nxd4 {[%emt 0:00:00]} Nf6 {[%emt 0:00:12]} 5. Nc3 {[%emt 0:00:06]} d6 {[%emt 0:00:08]} 6. Bg5 {[%emt 0:00:13]} e6 {[%emt 0:00:17]} 7. Qd2 {[%emt 0:00:19]} a6 {[%emt 0:00:10]} 8. O-O-O {[%emt 0:00:12]} h6 {[%emt 0:00:38]} 9. Bh4 {[%emt 0:04:01]} Nxe4 {[%emt 0:00:45]} 10. Nxe4 {[%emt 0:19:33]} Qxh4 {[%emt 0:00:12]} 11. Qe3 {[%emt 0:01:48]} d5 {[%emt 0:15:26]} 12. Nxc6 {[%emt 0:17:07]} bxc6 {[%emt 0:00:06]} 13. Qb6 {[%emt 0:02:05]} Bd7 {[%emt 0:00:15]} 14. Rd4 {[%emt 0:16:53]} Qf4+ {[%emt 0:01:55]} 15. Nd2 {[%emt 0:02:09]} Qb8 {[%emt 0:03:26]} 16. Qxb8+ {[%emt 0:04:05]} Rxb8 {[%emt 0:00:08]} 17. Ra4 {[%emt 0:05:26]} Bc5 {[%emt 0:01:56]} 18. f3 {[%emt 0:01:05]} Be3 {[%emt 0:03:19]} 19. Rxa6 {[%emt 0:02:31]} Ke7 {[%emt 0:02:27]} 20. b3 {[%emt 0:00:25]} Kd6 {[%emt 0:09:14]} 21. Bd3 {[%emt 0:02:37]} Ra8 {[%emt 0:09:00]} 22. Rxa8 {[%emt 0:00:15]} Rxa8 {[%emt 0:00:04]} 23. a4 {[%emt 0:00:04]} f5 {[%emt 0:04:14]} 24. Re1 {[%emt 0:03:47]} Bxd2+ {[%emt 0:01:10]} 25. Kxd2 {[%emt 0:00:02]} e5 {[%emt 0:00:08]} 26. Kc3 {[%emt 0:04:26]} e4 {[%emt 0:00:11]} 27. fxe4 {[%emt 0:00:27]} fxe4 {[%emt 0:00:05]} 28. Be2 {[%emt 0:00:19]} c5 {[%emt 0:01:02]} 29. Rf1 {[%emt 0:00:43]} d4+ {[%emt 0:00:48]} 30. Kd2 {[%emt 0:00:25]} Be6 {[%emt 0:00:43]} 31. Rf4 {[%emt 0:03:54]} Ke5 {[%emt 0:00:07]} 32. Rxe4+ {[%emt 0:00:18]} Kd6 {[%emt 0:00:04]} 33. Bf3 {[%emt 0:03:46]} Ra7 {[%emt 0:01:33]} 34. b4 {[%emt 0:03:20]} cxb4 {[%emt 0:02:43]} 35. Rxd4+ {[%emt 0:00:48]} Kc5 {[%emt 0:00:37]} 36. Re4 {[%emt 0:00:54]} Bc4 {[%emt 0:12:00]} 37. a5 {[%emt 0:02:26]} Rxa5 {[%emt 0:04:01]} 38. Re5+ {[%emt 0:01:32]} Kb6 {[%emt 0:00:15]} 39. Rxa5 {[%emt 0:00:38]} Kxa5 {[%emt 0:00:04]} 40. Ke3 {[%emt 0:00:00]} Ba2 {[%emt 0:00:00]} 41. Kd4 {[%emt 0:15:40]} Bb1 {[%emt 0:09:38]} 42. Ke4 1/2-1/2

[Event "POL-chT 2 Liga 2019"]
[Site "Poronin"]
[Date "2019.09.08"]
[Round "2.42"]
[White "Szelag, Zuzanna"]
[Black "Pastuszko, Kinga"]
[Result "1-0"]
[WhiteElo "1824"]
[BlackElo "1998"]
[Annotator "NA"]
[PlyCount "55"]
[EventDate "2019.09.07"]
[EventType "team-tourn"]
[EventCountry "POL"]
[SourceTitle "playchess.com"]
[Source "ChessBase"]
[SourceQuality "1"]
[TimeControl "40/5400+30:1800+30"]

1. e4 {[%emt 0:00:00]} e5 {[%emt 0:00:00]} 2. Nf3 {[%emt 0:00:00]} Nc6 {[%emt 0:00:00]} 3. Bb5 {[%emt 0:00:00]} Nf6 {[%emt 0:00:01]} 4. d3 {[%emt 0:00:06]} Bc5 {[%emt 0:01:54]} 5. O-O {[%emt 0:01:14]} d6 {[%emt 0:01:58]} 6. c3 {[%emt 0:01:18]} O-O {[%emt 0:02:12]} 7. Qe2 {[%emt 0:03:56]} h6 {[%emt 0:02:07]} 8. Rd1 {[%emt 0:02:58]} Re8 {[%emt 0:02:02]} 9. Nbd2 {[%emt 0:03:09]} a6 {[%emt 0:00:48]} 10. Ba4 {[%emt 0:01:11]} b5 {[%emt 0:00:48]} 11. Bb3 {[%emt 0:01:32]} a5 {[%emt 0:03:13]} 12. a4 {[%emt 0:04:12]} Ba6 {[%emt 0:06:06]} 13. axb5 {[%emt 0:09:04]} Bxb5 {[%emt 0:00:09]} 14. Bc4 {[%emt 0:00:16]} Bxc4 {[%emt 0:06:57]} 15. Nxc4 {[%emt 0:01:41]} Qb8 {[%emt 0:00:53]} 16. Nh4 {[%emt 0:04:53]} a4 {[%emt 0:12:39]} 17. Qf3 {[%emt 0:05:27]} Re6 {[%emt 0:14:40]} 18. Nf5 {[%emt 0:02:14]} Qb5 {[%emt 0:15:59]} 19. Qg3 {[%emt 0:04:18]} Ne8 {[%emt 0:12:18]} 20. Nxh6+ {[%emt 0:04:30]} Kf8 {[%emt 0:00:18]} 21. Nf5 {[%emt 0:00:29]} Rg6 {[%emt 0:01:21]} 22. Qh4 {[%emt 0:02:09]} Kg8 {[%emt 0:00:15]} 23. b4 {[%emt 0:04:12]} Ba7 {[%emt 0:02:55]} 24. Na3 {[%emt 0:00:31]} Qb6 {[%emt 0:05:19]} 25. b5 {[%emt 0:02:02]} Nf6 {[%emt 0:05:42]} 26. Be3 {[%emt 0:01:44]} Qa5 {[%emt 0:01:29]} 27. bxc6 {[%emt 0:00:28]} Rg4 {[%emt 0:00:32]} 28. Ne7+ {[%emt 0:01:04]} 1-0

[Event "POL-chT 2 Liga 2019"]
[Site "Poronin"]
[Date "2019.09.08"]
[Round "2.43"]
[White "Kumala, Aleksander"]
[Black "Molenda, Marcin"]
[Result "1-0"]
[WhiteElo "2203"]
[BlackElo "2373"]
[Annotator "TA"]
[PlyCount "79"]
[EventDate "2019.09.07"]
[EventType "team-tourn"]
[EventCountry "POL"]
[SourceTitle "playchess.com"]
[Source "ChessBase"]
[SourceQuality "1"]

{[%evp 9,79,25,41,45,67,41,49,64,64,56,68,38,29,42,77,59,99,53,70,68,54,41,41,33,59,22,18,25,57,20,56,72,36,19,50,-15,-15,-11,-17,-6,4,2,7,0,0,0,16,27,31,23,92,51,93,96,95,85,464,461,592,580,571,564,737,723,1589,1567,2242,2209,2242,2238,2224,2223]} 1. e4 d5 2. exd5 Qxd5 3. Nc3 Qd6 4. d4 Nf6 5. g3 (5. Nf3 g6 6. Nb5 Qd8 7. c4 c6 8. Nc3 Bg4 9. Be2 Bg7 10. h3 Bxf3 11. Bxf3 Nbd7 12. O-O O-O 13. Re1 {1-0 (41) Caruana,F (2819)-Nakamura,H (2754) Paris 2019}) 5... c6 6. Bg2 {B01: Scandinavian Defence} Bg4 7. Nf3 e6 8. O-O {White is slightly better.} Be7 9. Bf4 Qb4 10. Qd2 O-O 11. h3 $146 ({Predecessor:} 11. a3 Qb6 12. Ne5 Bh5 13. Na4 Qb5 {1-0 (32) Navara,D (2707)-Laylo,D (2552) Khanty-Mansiysk 2009}) 11... Bf5 12. a3 {[%cal Ba2a3,Ba3a4][%mdl 32]} Qxb2 13. Ra2 Qb6 14. Rb1 {[%mdl 1024] White has compensation.} Qa6 15. Bf1 b5 16. a4 {[%cal Ra4b5]} Ne4 17. Qe3 Nxc3 18. Qxc3 Nd7 {[%cal Bb8d7,Bd7b6,Bb6d5,Bd5c3][%mdl 32]} 19. Qb3 {[%cal Ra4b5]} Qb7 20. axb5 cxb5 21. Qxb5 Nb6 22. Bg2 (22. Rb3 $14) 22... Be4 $11 23. Ne1 Bxg2 24. Nxg2 Qd5 25. Qxd5 Nxd5 26. Rb7 a5 27. c4 Nc3 28. Rc2 Bb4 29. c5 Rac8 (29... f6 $11 {keeps the balance.}) 30. Ne3 Rfd8 31. Bd6 Ne4 32. Nc4 $36 {[%mdl 2048] White is in control.} Bc3 $2 {[%mdl 8192] [#]} (32... h6 $16 {is a better chance.}) 33. Be7 $18 {White is clearly winning.} Rb8 34. Bxd8 Rxb7 35. c6 Rb4 36. Nb6 Rb3 37. c7 Nd6 38. Be7 Rxb6 39. Bxd6 {[%cal Rc7c8]} Rc6 {[#]} 40. Rxc3 $1 {[%mdl 576] Promotion. Accuracy: White = 65%, Black = 39%.} 1-0